Welcome to CU Library Online Public Access Catalogue (OPAC)

Using MIS (Record no. 5565)

MARC details
000 -LEADER
fixed length control field 00499nam a22001817a 4500
005 - DATE AND TIME OF LATEST TRANSACTION
control field 20250425184901.0
008 - FIXED-LENGTH DATA ELEMENTS--GENERAL INFORMATION
fixed length control field 250425b |||||||| |||| 00| 0 eng d
020 ## - INTERNATIONAL STANDARD BOOK NUMBER
International Standard Book Number 9780138132552
050 ## - LIBRARY OF CONGRESS CALL NUMBER
Classification number HD30.213
Item number .K76 KRO
100 ## - MAIN ENTRY--PERSONAL NAME
Personal name Kroenke David M.
245 ## - TITLE STATEMENT
Title Using MIS
Statement of responsibility, etc. David M. Kroenke
250 ## - EDITION STATEMENT
Edition statement 2nd Ed.
260 ## - PUBLICATION, DISTRIBUTION, ETC.
Place of publication, distribution, etc. New Jersey
Name of publisher, distributor, etc. Pearson Education Inc.
Date of publication, distribution, etc. 2009
300 ## - PHYSICAL DESCRIPTION
Extent xliii. 532p.
Other physical details ill. (some col.)
Dimensions 28 cm
500 ## - GENERAL NOTE
General note Includes Index
650 ## - SUBJECT ADDED ENTRY--TOPICAL TERM
Source of heading or term MIS
942 ## - ADDED ENTRY ELEMENTS (KOHA)
Source of classification or shelving scheme Library of Congress Classification
Koha item type Books
Edition 2nd Ed.
Suppress in OPAC No
999 ## -
-- 5565
-- 5565
Holdings
Withdrawn status Lost status Source of classification or shelving scheme Damaged status Not for loan Collection Home library Current library Shelving location Date acquired Total checkouts Full call number Barcode Date last seen Copy number Price effective from Koha item type
    Library of Congress Classification     Non-fiction Business Library (Miotso) Business Library (Miotso) General stacks 04/25/2025   HD30.213 .K76 KRO BSSM00001997 04/25/2025 1 04/25/2025 Books
© 2023-2024 Copyright: Central University Libraries. All Rights Reserved | Created by: Mahone Tech Office